|
|
|
|
| LEADER |
00000nab a2200000 a 4500 |
| 001 |
vtls000235811 |
| 003 |
SK-MaSNL |
| 005 |
20260304063137.0 |
| 008 |
250422c1985 xo 0 slo |
| 015 |
|
|
|a SNBRB19rr/mm-uuuuu
|
| 035 |
|
|
|a CL0245925
|
| 035 |
|
|
|a urn:nbn:sk:snk-ab70j7
|
| 035 |
|
|
|a (uuid)fc29f22e-e4b4-4d47-9be1-11b5f8a74f0a
|
| 035 |
|
|
|a (urnnbn)urn:nbn:sk:snk:ar-a06fti
|
| 035 |
|
|
|a (sysno)vtls000235811
|
| 040 |
|
|
|a SNKBUCL
|b slo
|c SNKBUCL
|e AACR2
|
| 041 |
0 |
|
|a eng
|
| 044 |
|
|
|a xo
|c SK
|
| 080 |
|
|
|a 615.277
|2 1981
|
| 245 |
0 |
0 |
|a Derivatives of benzo(c) fluorene
|n 16.
|p 5-(2-(N,N- dimetylamino(ethoxy)-7-oxo-7H- benzo(c) fluorene. hydrochloride in rats after oral and intravenous administration
|c V. Francová ... [et al.]
|
| 300 |
|
|
|b Tb. 7., lit. 8 zázn. v češ., angl.
|
| 650 |
0 |
7 |
|a kancerostatiká
|2 snkbucl
|9 932249
|
| 655 |
|
7 |
|a články z novín a časopisov
|2 snkbucl
|9 267496
|
| 700 |
1 |
|
|a Francová, V.
|4 aut
|9 1159536
|
| 700 |
1 |
|
|a Šmolík, S.
|4 aut
|9 1160100
|
| 700 |
1 |
|
|a Schlehrová, M.
|4 aut
|9 1160099
|
| 700 |
1 |
|
|a Ráž, K.
|4 aut
|9 1159535
|
| 700 |
1 |
|
|a Selecká, A.
|4 aut
|9 1349294
|
| 700 |
1 |
|
|a Franc, Z.
|4 aut
|9 1159537
|
| 700 |
1 |
|
|a Frühaufová-Aušková, M.
|4 aut
|9 1349295
|
| 700 |
1 |
|
|a Řežábek, K.
|4 aut
|9 1146257
|
| 700 |
1 |
|
|a Vančurová, I.
|4 aut
|9 927354
|
| 700 |
1 |
|
|a Křepelka, I.
|4 aut
|9 1349296
|
| 773 |
0 |
|
|t Neoplasma
|g Roč. 32, č. 5 (1985), s. 529-536
|
| 850 |
|
|
|a Slovenská národná knižnica
|
| 852 |
|
|
|a Slovenská národná knižnica
|
| 958 |
|
|
|a article27
|
| 958 |
|
|
|a RK
|
| 958 |
|
|
|a MI
|
| 958 |
|
|
|a CZ
|
| 958 |
|
|
|a NB
|
| 958 |
|
|
|a OND
|
| 958 |
|
|
|a EUIPO
|
| 992 |
|
|
|a RBX
|
| 999 |
|
|
|c 2741221
|d 2743151
|